| 000 | 00611nai a22001817a 4500 | ||
|---|---|---|---|
| 003 | OSt | ||
| 005 | 20180717184302.0 | ||
| 008 | 180615b xxu||||| |||| 00| 0 eng d | ||
| 040 |
_aBMC _cBMC |
||
| 082 | _a616.12 | ||
| 111 | 1 |
_942719 _a International Congress on Cardiac Pacing and Electrophysiology: _cIstanbul, Turkey _d2000 |
|
| 245 | 0 | 0 | _aJournal of cardiovascular electrophysiology |
| 260 |
_aNew York _bThe Cardiac Electrophysiology society _c2000 |
||
| 300 |
_a2 V _c28 cm |
||
| 490 |
_aJournal of cardiovascular electrophysiology _vV. 11, 1-2 |
||
| 650 | 2 | 4 |
_924283 _aCardiología |
| 942 |
_2ddc _cPR |
||
| 999 |
_c29527 _d29527 |
||